| 000 | 01616cam a2200421Li 4500 | ||
|---|---|---|---|
| 999 |
_c8183 _d8183 |
||
| 001 | 864862 | ||
| 003 | OSt | ||
| 005 | 20190920124030.0 | ||
| 008 | 150114s2014 ii bc b 001 0 eng d | ||
| 020 |
_a9789351480389 _q(hardback) |
||
| 020 |
_a9351480380 _q(hardback) |
||
| 020 |
_a9789351480396 _q(paperback) |
||
| 020 |
_a9351480399 _q(paperback) |
||
| 035 | _a(OCoLC)ocn900598587 | ||
| 035 | _a864862 | ||
| 040 |
_aDKAGE _beng _erda _cDKAGE _dOCLCF _dLNT _dZCU _dPTS |
||
| 043 | _aa-ii--- | ||
| 049 | _aPTSS | ||
| 050 | 4 |
_aBV3280.B54 _bH67 2014 |
|
| 082 | 0 | 4 |
_a266 _223 _bK14C |
| 100 | 1 |
_aHoro, P. C. _q(Prem Chand), _d1915-2011, _eauthor. |
|
| 245 | 1 | 0 |
_aChristian missions in Bihar and Jharkhand till 1947 : _ba study by P.C. Horo / _cedited by Jose Kalapura. |
| 264 | 1 |
_aNew Delhi : _bChristian World Imprints & Gossner Theological College, _c2014. |
|
| 300 |
_alix, 278 pages : _bcolor portrait, map (black and white) ; _c22 cm |
||
| 336 |
_atext _2rdacontent |
||
| 337 |
_aunmediated _2rdamedia |
||
| 338 |
_avolume _2rdacarrier |
||
| 500 | _aOriginally presented as the author's thesis (Ph. D.)--Patna University, 1976 under title: Christian missions and communities in Bihar. | ||
| 504 | _aIncludes bibliographical references (pages 257-273) and index. | ||
| 650 | 0 |
_aMissions _zIndia _zBihar _xHistory. |
|
| 650 | 0 |
_aMissions _zIndia _zJharkhand _xHistory. |
|
| 651 | 0 |
_aBihar (India) _xChurch history. |
|
| 651 | 0 |
_aJharkhand (India) _xChurch history. |
|
| 700 | 1 |
_aKalapura, Jose, _eeditor. |
|
| 710 | 2 |
_aGossner Theological College, _eissuing body. |
|
| 942 |
_2ddc _cBK |
||
| 945 | _aMARCIVE20181205 | ||